000 01139nam a2200301 a 4500
999 _c448279
_d448279
003 BLK
005 20230628122453.0
008 220310b bul|||||r ||||||| ||bul||
040 _aBLK
041 _aBUL
_cBUL
080 _aЖивопис
_b75
_x(497.215)(062)
_z75(497.215)(062)
139 _bЮ 12
245 _aЮбилейна художествена изложба
_bДимитър Хинков
_h[Малотир. изд.]
257 _aBGR
260 _aРусе
_bб. и.
_c1971
_9441842
300 _a1 л.
_bс ил.
_c22х33 см, сгънато до 22х11 см
380 _a7
500 _aОС за изкуство и култура - Русе-Съюз на българските художници. Откриване по случай 65-год., 20 февр. 1971г., Салон - Художествена галерия.
653 7 _9187384
_aизложби
653 7 _9186627
_aживопис
653 7 _9195873
_aрусенски художници
852 _aК 7/Ю 12
_bК
856 4 _qpdf
856 4 _qpdf
942 _cKNG
_n0
_s1
_01
944 _aCR
_c2022-03-10
_kА.М.
999 _d448279